Монтаж технологического оборудования: учебное пособие

Bibliographische Detailangaben
1. Verfasser: Марков А. Е. Анатолий Егорович
Körperschaft: Красноярский политехнический институт (КПИ)
Sprache:Russisch
Veröffentlicht: Красноярск, [Б. и.], 1991
Schlagworte:
Format: MixedMaterials Buch
KOHA link:https://koha.lib.tpu.ru/cgi-bin/koha/opac-detail.pl?biblionumber=145512

MARC

LEADER 00000nam0a2200000 4500
001 145512
005 20231031144113.0
035 |a (RuTPU)RU\TPU\book\157718 
090 |a 145512 
100 |a 20081017d1991 m y0rusy50 ca 
101 0 |a rus 
102 |a RU 
105 |a a j 001zy 
200 1 |a  Монтаж технологического оборудования   |e учебное пособие  |f  А. Е. Марков  |g Красноярский политехнический институт (КПИ) 
210 |a Красноярск  |c [Б. и.]  |d  1991 
215 |a 96 с.  |c ил. 
320 |a Библиогр.: с. 92. 
610 1 |a монтаж 
610 1 |a технологическое оборудование 
610 1 |a учебники 
675 |a 66.02.002.72(075.8)  |v 3 
700 1 |a Марков  |b А. Е.  |g Анатолий Егорович 
712 0 2 |a Красноярский политехнический институт (КПИ)  |c (1956-1993)  |2 stltpush  |3 (RuTPU)RU\TPU\col\272 
801 1 |a RU  |b 63413507  |c 20081017  |g PSBO 
801 2 |a RU  |b 63413507  |c 20090113  |g PSBO 
942 |c BK